000
00285nam a22001337a 4500
008
170622b xxu||||| |||| 00| 0 eng d
020
_a
062883390
041
_a
eng
080
_a
32
100
_a
21
101
_a
shp
245
_a
COMPARATIVE POLITICS
_c
BOSIA.M.J
942
_2
udc
_c
BK
999
_c
18648
_d
18648